| 000 | 00763nam a22001217a 4500 | ||
|---|---|---|---|
| 040 | _cRUA | ||
| 082 | _aLMA SOU 2025 B701 Or.1 | ||
| 100 | _aSOUT SREYROTH, សូត្រ ស្រីរត្ន័ | ||
| 245 | _aStudy On The transfer Of Land Ownership During the systematic land registration phase in prey rumdeng commune,kirivong district, takeo province, សិក្សាពីការផ្ទេរសិទ្ធដីធ្លីអំឡុងពេលចុះបញ្ជីដីធ្លីមានលក្ខណៈជាប្រព័ន្ធស្ថិតនៅឃុំរំដេង ស្រុកគីរីវង់ ខេត្តតាកែវ | ||
| 260 |
_aPHNOM PENH _bRUA _c2025 |
||
| 300 |
_ax,43p. _bill. _c29cm. |
||
| 942 | _cLMA | ||
| 999 |
_c25752 _d25752 |
||